| 000 | 01339cam a2200301 a 4500 | ||
|---|---|---|---|
| 999 |
_c329374 _d329374 |
||
| 001 | 4979829 | ||
| 003 | Nust | ||
| 005 | 20170504105539.0 | ||
| 008 | 980421s1999 maua 001 0 eng | ||
| 010 | _a 98021682 | ||
| 020 | _a0321022947 | ||
| 040 |
_aDLC _cDLC _dDLC |
||
| 050 | 0 | 0 |
_aQA37.2 _b.L5 1999 |
| 082 | 0 | 0 |
_a510 LIA _221 |
| 100 | 1 | _aLial, Margaret L. | |
| 245 | 1 | 0 |
_aMathematics with applications : _bin the management, natural, and social sciences. |
| 250 |
_a7th ed. / _bMargaret L. Lial, Thomas W. Hungerford. |
||
| 260 |
_aReading, Mass. : _bAddison-Wesley, _cc1999. |
||
| 300 |
_axv, 804, 38, 22 p. : _bill. (some col.) ; _c26 cm. |
||
| 500 | _aRev. ed. of: Mathematics with applications in the management, natural, and social sciences. 6th ed. c1996. | ||
| 500 | _aIncludes indexes. | ||
| 501 | _aH.B | ||
| 650 | 0 | _aMathematics. | |
| 700 | 1 | _aHungerford, Thomas W. | |
| 700 | 1 |
_aLial, Margaret L. _tMathematics with applications in the management, natural, and social sciences. |
|
| 906 |
_a7 _bcbc _corignew _d1 _eocip _f19 _gy-gencatlg |
||
| 942 |
_2ddc _cBK _k510 LIA |
||